000 00643nam a2200229Ia 4500
003 OSt
005 20221007075154.0
006 a|||||r|||| 00| 0
007 ta
008 221006b |||||||| |||| 00| 0 eng d
024 _a9,656
037 _cTextual
040 _aFLL
_cFLL
_beng
041 _2eng
_aeng
082 _aY5927, P4
100 _aNaval T.R. Au.
_9693598
245 0 _aLegally combating atrocities on scheduled castes and scheduled tribes
260 _aNew Delhi
_bConcept publishing company
_c2004
300 _a454p
_ccm.
942 _hY5927, P4
_cTEXL
_2CC
999 _c1155074
_d1155074